[Event "Challenge"]
[Site "http://www.queenalice.com/game.php?id=696061"]
[Date "2009.12.10"]
[Round "-"]
[White "barakg"]
[Black "Ranj"]
[Result "1-0"]
[WhiteElo "1700"]
[BlackElo "1664"]

1. e4 c5 2. Nf3 Nc6 3. d4 cxd4 4. Nxd4 Nf6 5. Nxc6 bxc6 6. Nc3 e5 7. Bd3 Be7 8.
O-O O-O 9. Qe2 Qc7 10. Bc4 Bb7 11. Rd1 Rad8 12. Bg5 d6 13. Rab1 Bc8 14. b4 Bg4
15. f3 Be6 16. Bb3 Bxb3 17. Rxb3 Nh5 18. Be3 Nf4 19. Bxf4 exf4 20. b5 Bh4 21.
Kh1 Rfe8 22. bxc6 Qxc6 23. Nd5 Rc8 24. c3 f5 25. Qd2 1-0

[Event "AUTO-OPEN-1797"]
[Site "http://www.queenalice.com/game.php?id=697730"]
[Date "2009.12.14"]
[Round "1"]
[White "micoprego"]
[Black "barakg"]
[Result "1-0"]
[WhiteElo "2388"]
[BlackElo "1939"]

1. d4 g6 2. c4 Bg7 3. e4 c5 4. d5 d6 5. Nc3 Bxc3+ 6. bxc3 Qa5 7. Qb3 Nf6 8. Bd3
Nfd7 9. Nf3 Nb6 10. O-O Bg4 11. Ne1 O-O 12. Rb1 Bd7 13. Bh6 Re8 14. Nf3 Bg4 15.
Nd2 Bd7 16. Nf3 Bg4 17. Nd2 N8d7 18. f4 Nf6 19. f5 Kh8 20. h3 Bh5 21. g4 Bxg4
22. hxg4 Nxg4 23. Bf4 g5 24. Bxg5 Ne5 25. Nf3 Nxd3 26. f6 e5 27. Bh6 Nf4 28. Nh4
Nh5 29. Bg7+ Nxg7 30. fxg7+ Kxg7 31. Nf5+ Kh8 32. Nxd6 Rg8+ 33. Kh1 Rg4 34.
Nxf7+ Kg7 35. Rg1 Rg6 36. Nxe5 Re8 37. Nxg6 hxg6 38. Rg4 Qa6 39. Rb2 Nxc4 40.
Qxb7+ Qxb7 41. Rxb7+ Kf6 42. Rxa7 Nd6 43. Ra6 Ke5 44. Rxg6 Nxe4 45. Rge6+ Rxe6
46. dxe6 Kf6 47. c4 Nd6 48. Rxd6 Ke7 49. Rd1 Kxe6 50. a4 1-0

[Event "AUTO-OPEN-1797"]
[Site "http://www.queenalice.com/game.php?id=697731"]
[Date "2009.12.14"]
[Round "1"]
[White "barakg"]
[Black "micoprego"]
[Result "0-1"]
[WhiteElo "1939"]
[BlackElo "2398"]

1. e4 Nf6 2. d3 e5 3. Nf3 Nc6 4. g3 d5 5. exd5 Nxd5 6. Bg2 Bc5 7. O-O O-O 8. Re1
Re8 9. Ng5 Nf6 10. Bxc6 bxc6 11. Qf3 Qd6 12. Nd2 Bg4 13. Qg2 Qd5 14. Nde4 Nxe4
15. Nxe4 Bd4 16. a4 a5 17. h3 Bf5 18. g4 Bg6 19. Nc3 Qc5 20. Be3 Rab8 21. Rab1
f6 22. h4 Qb4 23. h5 Bf7 24. Bxd4 exd4 25. Ne4 Qxa4 26. b3 Qb4 27. Qg3 Re7 28.
h6 Bg6 29. Qf4 Rf8 30. hxg7 Kxg7 31. Kf1 h6 32. Ra1 f5 33. Ng3 Rxe1+ 34. Rxe1
Qd6 35. Qf3 f4 36. Re4 fxg3 37. Re7+ Qxe7 38. Qxg3 Qc5 39. Kg1 Qxc2 40. Qe5+ Kg8
41. Qe6+ Kh7 42. Qd7+ Rf7 43. Qxd4 Qxb3 44. Kh2 Qxd3 45. Qxd3 Bxd3 46. Kg2 a4
47. f4 Rxf4 0-1

[Event "AUTO-OPEN-1797"]
[Site "http://www.queenalice.com/game.php?id=697758"]
[Date "2009.12.14"]
[Round "1"]
[White "barakg"]
[Black "ylisavbots"]
[Result "1-0"]
[WhiteElo "1700"]
[BlackElo "2248"]

1. e4 c6 2. Nc3 g6 3. Nf3 Bg7 4. d4 d6 5. Be2 Nf6 6. O-O O-O 7. Bf4 Nbd7 8. Qd2
c5 9. d5 Re8 10. h3 a6 11. a3 b5 12. Rfe1 b4 13. axb4 cxb4 14. Na4 Nxe4 15. Qxb4
Nec5 16. Nd4 a5 17. Qd2 Nxa4 18. Rxa4 Bb7 19. Nc6 Qb6 20. Nxa5 Nc5 21. Nc4 Qc7
22. Rxa8 Rxa8 23. Bf3 Ba6 24. Na5 Bxb2 25. Nc6 Bf6 26. Qe3 Nb7 27. Nxe7+ Bxe7
28. Qxe7 Qxe7 29. Rxe7 Kf8 30. Rc7 h5 31. Kh2 Kg7 32. Kg3 Kf6 33. h4 Nd8 34.
Bxd6 Kf5 35. Re7 Rc8 36. Re8 Rxc2 37. Be4+ 1-0

[Event "AUTO-OPEN-1797"]
[Site "http://www.queenalice.com/game.php?id=697759"]
[Date "2009.12.14"]
[Round "1"]
[White "ylisavbots"]
[Black "barakg"]
[Result "0-1"]
[WhiteElo "2241"]
[BlackElo "1700"]

1. d4 g6 2. c4 Bg7 3. Nf3 Nf6 4. Nc3 d6 5. g3 O-O 6. Bg2 c6 7. O-O Bf5 8. Nd2
Qb6 9. e4 Bg4 10. Nf3 Nbd7 11. h3 Bxf3 12. Bxf3 c5 13. d5 Rfe8 14. Qc2 e6 15.
Bg2 exd5 16. cxd5 Ne5 17. f4 c4+ 18. Kh1 Nd3 19. Rb1 Qd4 20. Nb5 Qc5 21. Nxd6
Qxd6 22. e5 Qa6 23. exf6 Bxf6 24. a3 Rac8 25. Bd2 Nxb2 26. Bc3 Bxc3 27. Qxc3 Nd3
28. Kh2 Re2 29. Rf3 Rce8 30. h4 Ne1 31. Rxe1 Rxe1 32. Bf1 b5 33. a4 Qxa4 34. f5
Qd1 35. fxg6 fxg6 36. Bg2 R8e2 37. Kh3 h5 38. Rf8+ Kxf8 39. Qf6+ Ke8 40. Qxg6+
Ke7 41. Qg7+ Kd6 42. Qf8+ Re7 43. Kh2 Re2 0-1

[Event "AUTO-OPEN-1797"]
[Site "http://www.queenalice.com/game.php?id=697760"]
[Date "2009.12.14"]
[Round "1"]
[White "barakg"]
[Black "marcotul"]
[Result "1-0"]
[WhiteElo "1600"]
[BlackElo "1501"]

1. e4 e5 2. Nf3 d6 3. Bc4 Bd7 4. d4 Nc6 5. O-O Nb4 6. dxe5 dxe5 7. Nxe5 Be6 8.
Bxe6 fxe6 9. Qh5+ g6 10. Nxg6 Nf6 11. Qh3 Rg8 12. Qxe6+ Be7 13. Ne5 Nxc2 14.
Qf7# 1-0

[Event "AUTO-OPEN-1797"]
[Site "http://www.queenalice.com/game.php?id=697761"]
[Date "2009.12.14"]
[Round "1"]
[White "marcotul"]
[Black "barakg"]
[Result "0-1"]
[WhiteElo "1504"]
[BlackElo "1761"]

1. e4 g6 2. e5 Bg7 3. d4 d6 4. c3 dxe5 5. Bc4 exd4 6. cxd4 Nh6 7. Nf3 Nf5 8. Ne5
Qxd4 9. Qxd4 Nxd4 10. Bxf7+ Kf8 11. f4 Nc2+ 12. Kd1 Nxa1 13. Re1 Bxe5 14. fxe5
Kxf7 15. e6+ Bxe6 16. b3 Rd8+ 17. Bd2 Nc6 18. Nc3 Nb4 19. Rf1+ Kg8 20. Ke2 Bg4+
21. Ke1 Nd3# 0-1

[Event "Challenge"]
[Site "http://www.queenalice.com/game.php?id=700583"]
[Date "2009.12.20"]
[Round "-"]
[White "Misteranderson"]
[Black "barakg"]
[Result "0-1"]
[WhiteElo "1481"]
[BlackElo "1821"]

1. Nc3 e5 2. h4 d5 3. Nf3 e4 4. Ng5 Nf6 5. e3 Nc6 6. Bb5 h6 7. Nh3 Bd6 8. Na4
O-O 9. c4 Bg4 10. f3 exf3 11. gxf3 Bh5 12. Nf4 Bxf4 13. exf4 Nd4 14. Nc3 Bxf3
15. Qc2 Nxc2+ 16. Kf2 Bxh1 17. Rb1 Qe7 18. Nxd5 Qe1# 0-1

[Event "Challenge"]
[Site "http://www.queenalice.com/game.php?id=704933"]
[Date "2009.12.28"]
[Round "-"]
[White "barakg"]
[Black "Vladimir"]
[Result "1-0"]
[WhiteElo "1781"]
[BlackElo "1700"]

1. e4 e5 2. f4 exf4 3. Nf3 d5 4. exd5 Qxd5 5. Nc3 Qd8 6. d4 Bd6 7. Bc4 Bg4 8.
O-O c5 9. Qe1+ Qe7 10. Nb5 Be6 11. d5 a6 12. Nxd6+ Qxd6 13. Ng5 b5 14. Bxf4 Qb6
15. Nxf7 Kxf7 16. Bc7+ 1-0

[Event "AUTO-OPEN-1820"]
[Site "http://www.queenalice.com/game.php?id=706636"]
[Date "2010.1.1"]
[Round "1"]
[White "ishamael13"]
[Black "barakg"]
[Result "0-1"]
[WhiteElo "1977"]
[BlackElo "1828"]

1. e4 e5 2. Bc4 Nf6 3. Nc3 Nc6 4. Nge2 Nxe4 5. Bxf7+ Kxf7 6. Nxe4 d5 7. N4g3 Bd6
8. O-O Qh4 9. d3 Rf8 10. f4 Bc5+ 11. Kh1 Kg8 12. fxe5 Bg4 13. e6 Bd6 14. Rf7
Bxg3 15. h3 Bxe6 16. Nxg3 Rxf7 17. Nh5 Bxh3 18. Kg1 Qf2+ 19. Kh2 Qxg2# 0-1

[Event "AUTO-OPEN-1820"]
[Site "http://www.queenalice.com/game.php?id=706637"]
[Date "2010.1.1"]
[Round "1"]
[White "barakg"]
[Black "ishamael13"]
[Result "1-0"]
[WhiteElo "1883"]
[BlackElo "1977"]

1. e4 e5 2. Nf3 d6 3. d4 Nf6 4. Nc3 Bg4 5. dxe5 Bxf3 6. Qxf3 dxe5 7. Bg5 Be7 8.
Rd1 Nbd7 9. a3 O-O 10. Bxf6 Bxf6 11. Qh3 c6 12. Rxd7 Qb6 13. b4 c5 14. Nd5 Qc6
15. b5 Qe6 16. Bc4 Qxh3 17. Nxf6+ gxf6 18. gxh3 a6 19. Rg1+ Kh8 20. b6 Rg8 21.
Rxg8+ Rxg8 22. Bxf7 Rg1+ 23. Kd2 Rg2 24. Rxb7 Rxf2+ 25. Kc3 Rxh2 26. Be6 Re2 27.
Rc7 Rxe4 28. b7 Re3+ 29. Kb2 Rg3 30. b8=Q+ Rg8 31. Qxg8# 1-0

[Event "AUTO-OPEN-1820"]
[Site "http://www.queenalice.com/game.php?id=706656"]
[Date "2010.1.1"]
[Round "1"]
[White "XXX"]
[Black "barakg"]
[Result "1-0"]
[WhiteElo "1718"]
[BlackElo "1838"]

1. d4 d5 2. c4 e6 3. c5 b6 4. b4 a5 5. Ba3 axb4 6. Bxb4 Nc6 7. Ba3 Bxc5 8. dxc5
Qf6 9. Nd2 Rxa3 10. e3 bxc5 11. Bb5 Ne7 12. Ngf3 Ba6 13. Bxa6 Rxa6 14. O-O 1-0

[Event "AUTO-OPEN-1820"]
[Site "http://www.queenalice.com/game.php?id=706657"]
[Date "2010.1.1"]
[Round "1"]
[White "barakg"]
[Black "XXX"]
[Result "0-1"]
[WhiteElo "1867"]
[BlackElo "1695"]

1. e4 e5 2. Nf3 d6 3. d4 Bg4 4. dxe5 Bxf3 5. Qxf3 dxe5 6. Bc4 Qf6 7. Qh3 Nd7 8.
Nc3 c6 9. Be3 b5 10. Rd1 Rd8 11. Bb3 g6 12. O-O Bg7 13. a3 Ne7 14. f4 exf4 15.
Rxf4 Qe5 0-1

[Event "AUTO-OPEN-1820"]
[Site "http://www.queenalice.com/game.php?id=706666"]
[Date "2010.1.1"]
[Round "1"]
[White "ArmandoAzevedo"]
[Black "barakg"]
[Result "1/2-1/2"]
[WhiteElo "2459"]
[BlackElo "1928"]

1. e4 c5 2. Nf3 d6 3. Bc4 Nf6 4. Nc3 Nc6 5. O-O e6 6. d4 cxd4 7. Nxd4 Be7 8. Be3
O-O 9. Qe2 Ne5 10. Bb3 Bd7 11. Rad1 a5 12. a4 Neg4 13. Bc1 Kh8 14. f4 e5 15. Nf5
exf4 16. Nxe7 Qxe7 17. Bxf4 Ne5 18. Qd2 Ra6 19. Bg5 Be6 20. Bxf6 gxf6 21. Qf4 f5
22. exf5 Bxb3 23. cxb3 Rg8 24. Nd5 Qg5 25. Qxg5 Rxg5 26. Nc3 Rg4 27. Nb5 f6 28.
Rxd6 Rxd6 29. Nxd6 Rb4 30. Rc1 Rxb3 31. Rc8+ Kg7 32. Rc7+ Kh6 33. Rxb7 Rd3 34.
Nf7+ Nxf7 35. Rxf7 Rd1+ 36. Kf2 Rd4 37. b3 Rf4+ 38. Kg1 Rxf5 39. Rb7 Kg6 40. Rb5
Re5 41. Rxe5 fxe5 42. Kf2 Kg5 43. b4 axb4 44. a5 b3 45. a6 b2 46. a7 b1=Q 47.
a8=Q Qb2+ 48. Kg3 Qc3+ 49. Kf2 Qd2+ 50. Kf1 Qf4+ 51. Kg1 Qd4+ 52. Kf1 1/2-1/2

[Event "AUTO-OPEN-1820"]
[Site "http://www.queenalice.com/game.php?id=706667"]
[Date "2010.1.1"]
[Round "1"]
[White "barakg"]
[Black "ArmandoAzevedo"]
[Result "0-1"]
[WhiteElo "1928"]
[BlackElo "2474"]

1. e4 c6 2. d4 d5 3. Nf3 dxe4 4. Ng5 Nf6 5. Bc4 e6 6. Nc3 Bb4 7. O-O Bxc3 8.
bxc3 h6 9. Nh3 Qa5 10. Qe1 c5 11. f3 cxd4 12. fxe4 Qxc3 13. Qxc3 dxc3 14. Nf2
O-O 15. Ba3 Rd8 16. Rad1 Rxd1 17. Rxd1 Nc6 18. Rd3 b6 19. Rxc3 Bb7 20. Bb5 Na5
21. Bd3 Rd8 22. Bb2 Nc6 23. Bb5 Nd4 24. Bd3 e5 25. a4 Rd6 26. Kf1 Rc6 27. Ke1
Rxc3 28. Bxc3 a5 29. Kd2 Bc6 30. Ke3 Bxa4 31. Bxd4 exd4+ 32. Kxd4 Bc6 33. g3 Kf8
34. c4 Nd7 35. Ng4 Nc5 36. Ne3 Nxd3 37. Kxd3 Ke7 38. Kd4 a4 39. Nf5+ Kf6 40. Nd6
Bd7 41. h4 Ke7 42. e5 f5 43. c5 bxc5+ 44. Kc4 Be6+ 45. Kc3 a3 46. h5 Kd7 47. Nb7
c4 48. Nc5+ Ke7 49. Na4 Bd5 50. Kc2 Be4+ 51. Kc1 Ke6 52. Nc3 Kxe5 53. Nb5 a2 54.
Kb2 Bb1 0-1

[Event "Challenge"]
[Site "http://www.queenalice.com/game.php?id=708400"]
[Date "2010.1.4"]
[Round "-"]
[White "francky78"]
[Black "barakg"]
[Result "0-1"]
[WhiteElo "1688"]
[BlackElo "1928"]

1. e4 e5 2. Nf3 Nc6 3. Bb5 Bc5 4. Nc3 Nf6 5. h3 O-O 6. O-O Nd4 7. Bc4 d6 8. Re1
Bd7 9. b3 b5 10. Bd3 b4 11. Nb1 Nxf3+ 12. Qxf3 g5 13. Bc4 g4 14. hxg4 Nxg4 15.
Qg3 Bxf2+ 0-1

[Event "Challenge"]
[Site "http://www.queenalice.com/game.php?id=716198"]
[Date "2010.1.19"]
[Round "-"]
[White "JCOELHO"]
[Black "barakg"]
[Result "1-0"]
[WhiteElo "1972"]
[BlackElo "1939"]

1. e4 e6 2. d4 d5 3. Nc3 c5 4. Nf3 cxd4 5. Qxd4 Nc6 6. Qa4 dxe4 7. Nxe4 f5 8.
Neg5 h6 9. Nh3 Bd7 10. Bc4 Nd4 11. Bb5 Nxb5 12. Qb3 g5 13. O-O g4 14. Ne5 1-0

[Event "The Blues"]
[Site "http://www.queenalice.com/game.php?id=718475"]
[Date "2010.1.22"]
[Round "-"]
[White "barakg"]
[Black "bobifixer"]
[Result "0-1"]
[WhiteElo "1890"]
[BlackElo "1845"]

1. e4 c5 2. c4 d6 3. Nc3 Nc6 4. Nf3 Nf6 5. Be2 Bg4 6. d3 e6 7. O-O Be7 8. Be3
O-O 9. h3 Bxf3 10. Bxf3 Ne5 11. Be2 a6 12. a3 Qc7 0-1

[Event "The Blues"]
[Site "http://www.queenalice.com/game.php?id=718476"]
[Date "2010.1.22"]
[Round "-"]
[White "barakg"]
[Black "bobifixer"]
[Result "0-1"]
[WhiteElo "1918"]
[BlackElo "1825"]

1. e4 c5 2. c4 d6 3. Nc3 Nc6 4. Nf3 Bg4 5. Be2 Nf6 6. d3 e6 7. O-O Be7 8. Be3
O-O 9. h3 Bxf3 10. Bxf3 Ne5 11. Be2 a6 12. a3 Qc7 0-1